000
00324pab a2200145 454500
008
180718b1988 xxu||||| |||| 00| 0 eng d
100
_a
Imbert, Peter
245
_a
Policing London
260
_c
1988
300
_a
199-208
362
_a
Jul.-Sept.
650
_a
Police - U.K.
773
_a
Police Journal
909
_a
15182
999
_c
15182
_d
15182